| 000 | 00674nam a2200217 a 4500 | ||
|---|---|---|---|
| 001 | 000015410 | ||
| 005 | 20240412074243.0 | ||
| 008 | 100208s2002 dr 001 0 spa d | ||
| 020 | _a9993455199 | ||
| 040 |
_aDO-SdBNP _bspa _cBNPHU |
||
| 082 |
_a398.21 _bD668o |
||
| 100 | 1 |
_aDomenech Soto, Elba _924921 |
|
| 245 | 1 | 0 |
_aOrquídea y la mariposa gigante / _cElba Domenech Soto ;prólogo Mordecai Rubín. |
| 260 |
_aSanto Domingo : _bCorripio, _c2002. |
||
| 300 |
_a84p. ; _c22 cm. |
||
| 650 | 4 |
_aLeyendas dominicanas _918869 |
|
| 650 | 4 |
_aLiteratura folclorica _91529 |
|
| 650 | 0 |
_aLiteratura dominicana. _967 |
|
| 700 | 1 |
_aRubín, Mordecai _epról. _934797 |
|
| 049 | _aBNPD | ||
| 999 |
_c14969 _d14969 |
||